000 nam a22 4500
999 _c8828
_d8828
008 180314b ||||| |||| 00| 0 eng d
245 _aDepEd reiterates 'no-collection' policy.
260 _aPhilippines
_bThe Philippine Star
_cc2016
300 _apage 13.
650 0 _926788
_aEducation.
942 _2ddc
_cPER